Statistics for College Football Matchups: Louisville

Click here to take the quiz!

General Stats

  • This quiz has been taken 63 times
  • The average score is 7 of 16

Answer Stats

# of GamesOpponentLast Meeting% Correct
35Kentucky11/25/2023
94%
54Cincinnati12/17/2022
78%
21Syracuse09/03/2022
64%
34Western Kentucky09/12/2020
61%
29Eastern Kentucky09/11/2021
53%
20Pittsburgh10/14/2023
53%
24Florida State12/02/2023
47%
43Memphis11/23/2013
47%
21Murray State09/07/2023
39%
29Marshall09/24/2016
31%
25Dayton10/15/1977
22%
17Houston11/17/2016
22%
30Southern Miss09/29/2012
22%
26Tulsa11/26/1994
22%
18Kent State09/23/2017
14%
17North Texas11/18/1995
8%

Score Distribution

Percentile by Number Answered

Percent of People with Each Score

Your Score History

You have not taken this quiz